| 000 | 00441nam a2200169Ia 4500 | ||
|---|---|---|---|
| 003 | LK-CoDNM | ||
| 005 | 20240729144629.0 | ||
| 008 | 010623t xxu||||| |||| 00| 1 eng d | ||
| 040 |
_aLK-CoDNM _dLK-CoDNM _eLK-CoDNM |
||
| 041 | _aeng | ||
| 080 |
_a14 _bS26 |
||
| 100 | _aYoung,W.A. | ||
| 245 | _aThe Silver and Sheffield Plate Collector | ||
| 260 |
_aHerbert Jenkins Limited _bLondon |
||
| 300 | _b320p. : ill , ill ; 19 cm | ||
| 942 | _cBK | ||
| 999 |
_c136540 _d136540 |
||